ბათუმის შოთა რუსთაველის სახელმწიფო უნივერსიტეტის ბიბლიოთეკა

ლექსები და ლირიკული პოემები;სხვადასხვა;ცისფერი მოტივები (ბიბ.ჩანაწერი № 43521)

000 -LEADER
fixed length control field 01081nam a2200241Ia 4500
001 - CONTROL NUMBER
control field 10252
003 - CONTROL NUMBER IDENTIFIER
control field GE_BSU
008 - FIXED-LENGTH DATA ELEMENTS--GENERAL INFORMATION
fixed length control field 181216s||||||||xx |||||||||||||| ||und||
040 ## - CATALOGING SOURCE
Transcribing agency GE_BSU
080 ## - UNIVERSAL DECIMAL CLASSIFICATION NUMBER
Universal Decimal Classification number 821.353.1–1+821.353.1-1
100 ## - MAIN ENTRY--PERSONAL NAME
Personal name სეიდიშვილი,ლადო
245 ## - TITLE STATEMENT
Title ლექსები და ლირიკული პოემები;სხვადასხვა;ცისფერი მოტივები
245 ## - TITLE STATEMENT
Remainder of title ფრაგმენტები ქართლის ცხოვრებიდან
245 ## - TITLE STATEMENT
Statement of responsibility, etc. რედ.მ.ვარშანიძე;მხატვ.ლ.სეიდიშვილი
260 ## - PUBLICATION, DISTRIBUTION, ETC.
Place of publication, distribution, etc. ბათუმი
260 ## - PUBLICATION, DISTRIBUTION, ETC.
Name of publisher, distributor, etc. საბჭოთა აჭარა
260 ## - PUBLICATION, DISTRIBUTION, ETC.
Date of publication, distribution, etc. 1969
300 ## - PHYSICAL DESCRIPTION
Extent 169გვ.15სმ.
653 ## - INDEX TERM--UNCONTROLLED
Uncontrolled term ლექსები და ლირიკული პოემები
653 ## - INDEX TERM--UNCONTROLLED
Uncontrolled term ფრაგმენტები ქართლის ცხოვრებიდან
653 ## - INDEX TERM--UNCONTROLLED
Uncontrolled term ცისფერი მოტივები
942 ## - ADDED ENTRY ELEMENTS (KOHA)
Koha item type წიგნი
ეგზემპლარები
Withdrawn status Lost status Damaged status Not for loan Date acquired Barcode Date last seen Price effective from Koha item type
        2018-12-17 33666 2018-12-17 2018-12-17 წიგნი
        2018-12-17 33667 2018-12-17 2018-12-17 წიგნი